LEADER 01682nam a2200373 u 4500 001 000000044908 003 CaOOAMICUS 005 20070226114613.0 008 990512s1980 it a u000 u ita u 020 $a8821300129 035 $a10822966 040 $aPUL(R)$bita$dPUL(R) 100 1 $aStella, Pietro,$cS.D.B,$d1930-2007.$0(OLS)http://pul/name/7834 245 10$aDon Bosco nella storia economica e sociale (1815-1870) /$cPietro Stella. 260 $aRoma :$bLAS,$c1980. 300 $a653 p., [9] p. di tav. :$bill. ;$c24 cm 490 1 $aPubblicazioni del Centro studi Don Bosco.$aStudi storici ;$v8 500 $aContiene indici. 504 $aBibliografia in nota. 600 04$aIohannes Bosco,$cs.,$d1815-1888.$0(OLS)http://pul/subject/9970 650 4$aEconomia$xStoria.$0(OLS)http://pul/subject/7360 830 0$aPubblicazioni del Centro studi Don Bosco.$pStudi storici ;$v8.$0(OLS)http://pul/title/7765 850 $aPUL 852 $aPUL$W1$xDP1 Cons. Gen., Altre Classi 1$y22$m45 O 45$j60383$nBK-PRI$b $qStampati$B60383$CPULBib$Z2$F60383 $H $81 852 $aPUL$W1$xDP1 Fondo Maccarrone$y58$m1522 G 18$j60384$nBK-PRI$b $qFondi$B60384$CPULBib$Z2$F60384 $H $81 941 1 $a8 941 1 $a1 960 $aGiovanni Bosco,$cs.,$d1815-1888$99970 960 $aBosco, Giovanni,$cs.,$d1815-1888$99970 961 $aINV: 62650 961 $aINV: F. Maccarrone 996 $6020$a8821300129$9(OLS)http://pul/number/56023 996 $6245$aDon Bosco nella storia economica e sociale (1815-1870)$9(OLS)http://pul/title/60560 996 $6260$aRoma :$bLAS$9(OLS)http://pul/publisher/48069 LEADER 01539nam a2200313 u 4500 001 000000077928 003 CaOOAMICUS 005 20240610133652.0 008 040310s1959 it u000 u lat u 032 $aLibriCat 035 $a10986610 040 $aPUL(R)$bita 100 1 $a?koda, Franti?ek,$csacerdote,$d1926-2016.$0(OLS)http://pul/name/20975 245 10$aDoctrina moralis catholica de poena mortis a C. Beccaria usque ad nostros dies (a. 1956) /$cFranciscus Skoda .. 260 $aRomae :$bPontificia Universitas Lateranensis,$c1959. 300 $ax, 140 p. ;$c24 cm 490 1 $aPontificia Universitas Lateranensis. Facultas s. theologiae. Theses ad lauream ;$v47 502 $aDiss. -- Pont. Univ. Lateranensis. 504 $aBibliografia in nota. 650 4$aPena di morte.$0(OLS)http://pul/subject/8067 650 4$aEtica e diritto.$0(OLS)http://pul/subject/482 650 4$aEtica cristiana$xStoria.$0(OLS)http://pul/subject/26099 830 0$aTheses ad lauream in s. theologia (Pontificia Università Lateranense) ;$v47.$0(OLS)http://pul/title/1741 850 $aPUL 852 $aPUL$W1$xDP1 Tesi Pon Univ. Lateranense$y41$mTH PUL.THEOL 47$j100026$nBK-PRI$b $qTesi$B100026$CPULBib$Z2$F100026 $HPUL20590 $81 941 1 $a16 996 $6245$aDoctrina moralis catholica de poena mortis a C. Beccaria usque ad nostros dies (a. 1956)$9(OLS)http://pul/title/102156 996 $6260$aRomae :$bPontificia Universitas Lateranensis$9(OLS)http://pul/publisher/48588